The Constitution of the Kingdom of Bhutan : (Record no. 3761)

MARC details
000 -LEADER
fixed length control field 00474nam a2200145 4500
001 - CONTROL NUMBER
control field 4539
005 - DATE AND TIME OF LATEST TRANSACTION
control field 20181127173626.0
020 ## - INTERNATIONAL STANDARD BOOK NUMBER
International Standard Book Number 9789993665878
Terms of availability
Canceled/invalid ISBN
090 00 - LOCALLY ASSIGNED LC-TYPE CALL NUMBER (OCLC); LOCAL CALL NUMBER (RLIN)
Classification number (OCLC) (R) ; Classification number, CALL (RLIN) (NR) 342.5498 C7582c
110 ## - MAIN ENTRY--CORPORATE NAME
Corporate name or jurisdiction name as entry element Royal Government of Bhutan.
Subordinate unit
Location of meeting
Date of meeting or treaty signing
Relator term
Number of part/section/meeting
Name of part/section of a work
245 00 - TITLE STATEMENT
Title The Constitution of the Kingdom of Bhutan :
Remainder of title Principles and Philosophies /
Statement of responsibility, etc. Lyonpo Sonam Tobgye.
Medium
260 00 - PUBLICATION, DISTRIBUTION, ETC.
Place of publication, distribution, etc. Thimphu :
Name of publisher, distributor, etc. Royal Government of Bhutan,
Date of publication, distribution, etc. n.d.
300 00 - PHYSICAL DESCRIPTION
Extent 513 p. ; 30 cm.
650 00 - SUBJECT ADDED ENTRY--TOPICAL TERM
Topical term or geographic name entry element Constitutions --Bhutan.
General subdivision
Holdings
Withdrawn status Lost status Source of classification or shelving scheme Damaged status Not for loan Collection code Home library Current library Shelving location Date acquired Serial Enumeration / chronology Inventory number Total Checkouts Total Renewals Full call number Barcode Date last seen Date last checked out Price effective from Koha item type
    Dewey Decimal Classification     Main TEST RTC Library RTC Library Main opac 14/04/2021 7246 14 11 342.54 CON 30007406 12/09/2023 08/09/2023 27/11/2018 Main
Royal Thimphu College || All Right Reserved